Normal view
MARC view
- McNamara, Joel
Entry Personal Name
001 - CONTROL NUMBER
- control field: 100792
003 - CONTROL NUMBER IDENTIFIER
- control field: NUST
005 - DATE AND TIME OF LATEST TRANSACTION
- control field: 20221019122456.0
008 - FIXED-LENGTH DATA ELEMENTS
- fixed length control field: 221019|| aca||aabn | a|a d
040 ## - CATALOGING SOURCE
- Original cataloging agency: NUST
- Transcribing agency: NUST
100 ## - HEADING--PERSONAL NAME
- Personal name: McNamara, Joel
670 ## - SOURCE DATA FOUND
- Source citation: Work cat.: (NUST)0: McNamara, Joel., Secrets of computer espionage :, 2003.
